000 00519 a2200181 4500
003 OSt
005 20240206145325.0
008 240206b |||||||| |||| 00| 0 eng d
020 _a97881192896
040 _cOCLC
082 _a894.8121
_bTAG/G
100 1 _aTagore, Rabindranath
_d1861-1941
_938
245 _aGeetanjali /
_cRabinranath Tagore
250 _a2nd ed.
260 _aKOZHIKODE:
_bLIPI PUBLICATION,
_c2023.
300 _a103P.
942 _2ddc
_cBK
_h894.8121
_iTAG/G
_k894.8121
_mTAG/G
999 _c44314
_d44314